[Event "La Paz GP op 3rd"]
[Site "La Paz"]
[Date "2023.08.19"]
[Round "6"]
[White "Mustafa, Fagima"]
[Black "Tarqui Aruquipa, Deimar Abdiel"]
[Result "1-0"]
[WhiteElo "1690"]
[BlackElo "1121"]
[PlyCount "115"]
[EventDate "2023.08.17"]
[EventType "swiss"]
[EventRounds "7"]
[EventCountry "BOL"]
[SourceTitle "EXT 2024"]
[Source "ChessBase"]
[SourceDate "2023.10.10"]
[SourceVersion "1"]
[SourceVersionDate "2023.10.10"]
[SourceQuality "1"]

1. d4 Nf6 2. Nf3 e6 3. Bg5 d5 4. a3 Be7 5. Bxf6 Bxf6 6. Nc3 0-0 7. e3 b6 8. e4 Bb7 9. e5 Be7 10. Be2 c5 11. 0-0 Nc6 12. Bb5 a6 13. Bxc6 Bxc6 14. b3 Rc8 15. Ne2 Bb5 16. a4 Bxe2 17. Qxe2 c4 18. bxc4 Rxc4 19. Rfc1 Qc7 20. h4 Rc8 21. Ra2 b5 22. axb5 axb5 23. g3 h6 24. Kg2 b4 25. Rb2 Rc3 26. Nd2 Qb6 27. Nb3 R8c6 28. Ra1 Qc7 29. Rc1 f6 30. f4 fxe5 31. dxe5 R6c4 32. Qd2 Re4 33. Nd4 Qc4 34. Kh3 Ree3 35. Rg1 Kf7 36. f5 exf5 37. Nxf5 Rxe5 38. Qf2 Kg8 39. Nxe7+ Rxe7 40. Rf1 Qc8+ 41. Kh2 Rce3 42. Kg1 Qb8 43. Rb3 Rxb3 44. cxb3 Qa7 45. Rd1 Qxf2+ 46. Kxf2 Re5 47. Rd4 Re4 48. Rxe4 dxe4 49. Ke3 Kf7 50. Kxe4 Ke6 51. g4 g6 52. Kd4 Kd6 53. Kc4 g5 54. hxg5 hxg5 55. Kxb4 Kd5 56. Ka5 Kc5 57. b4+ Kc6 58. Ka6 1-0